| 000 | 01048cam a2200325 a 4500 | ||
|---|---|---|---|
| 001 | 6306532 | ||
| 003 | ARRUPE | ||
| 005 | 20160816104235.0 | ||
| 008 | 070522s2007 enkabf b 001 0 eng | ||
| 015 |
_aGBA741242 _2bnb |
||
| 016 | 7 |
_a013756051 _2Uk |
|
| 020 | _a9780713999976 (hbk.) | ||
| 020 | _a0713999977 (hbk.) | ||
| 035 | _a(OCoLC)137313224 | ||
| 035 | _a(OCoLC)ocn137313224 | ||
| 035 | _a(DLC)OCN137313224 | ||
| 035 | _a(NNC)6306532 | ||
| 040 |
_aUKM _cUKM _dBTCTA _dYDXCP _dBWKUK _dBWK _dIUL |
||
| 050 | 4 |
_aDF552 _b.H47 2007 |
|
| 082 | 0 | 4 |
_a949.502 _222 |
| 100 | 1 |
_aHerrin, Judith. _925060 |
|
| 245 | 1 | 0 |
_aByzantium : _bthe surprising life of a medieval empire / _cJudith Herrin. |
| 260 |
_aLondon ; _aNew York : _bPenguin Books, _c2008. |
||
| 300 |
_axxiii, 391 p., [24] p. of plates : _bill. (some col.), maps ; _c25 cm. |
||
| 504 | _aIncludes bibliographical references (p. 339-353) and index. | ||
| 651 | 0 |
_aByzantine Empire _xHistory. _925061 |
|
| 942 |
_2lcc _cMONOGRAPH |
||
| 948 | 1 |
_a20071024 _bc _crad1 _dMPS |
|
| 999 |
_c125014 _d125014 |
||